000 00821cad a22002415a 4500
001 L159259
008 110131s2016 xxk f 100 0 eng d
035 _a(Sirsi) u159259
041 0 _aeng
050 0 4 _a333.3307
100 1 _aMuse, Alan
245 0 0 _aTaking BIM to the next levels
_h[electronic resource]
260 _aLondon
_bRICS
_c2016
490 0 _aConstruction Journal
_vApril - May 2016, 12-15(3)
520 _aTalks about the construction industry's perception of BIM and preparation for the BIM Level 2 mandate in 2016.
590 _aKA
650 2 4 _aPUBLIC SECTOR WORK
650 2 4 _aBIM
_96219
651 4 _aUnited Kingdom
_y
690 _aBIM
_96219
856 4 0 _uhttps://www.rics.org/Global/CJ%20APRIL%20MAY%2016%20LR.pdf
_zView the journal free of charge at www.rics.org/journals...
942 _n0
999 _c84850
_d84850